[Event "Gujarat op 3rd"]
[Site "Ahmedabad"]
[Date "2022.03.31"]
[Round "1"]
[White "Sandipan, Chanda"]
[Black "Acharya, Ruchit D"]
[Result "1-0"]
[WhiteElo "2485"]
[BlackElo "1445"]
[PlyCount "61"]
[EventDate "2022.03.31"]
[EventType "swiss"]
[EventRounds "10"]
[EventCountry "IND"]
[SourceTitle "CBM 207 Extra"]
[Source "ChessBase"]
[SourceDate "2022.05.31"]
[SourceVersion "1"]
[SourceVersionDate "2022.05.31"]
[SourceQuality "1"]

1. d4 f5 2. g3 Nf6 3. Bg2 e6 4. c4 Be7 5. Nc3 0-0 6. Nf3 d5 7. 0-0 c6 8. Rb1 Ne4 9. Qc2 Qa5 10. a3 b5 11. b4 Qc7 12. c5 Bf6 13. Bf4 Qe7 14. Nxe4 fxe4 15. Bd6 Qf7 16. Ne5 Bxe5 17. dxe5 Re8 18. f3 exf3 19. Rxf3 Qg6 20. Rbf1 Nd7 21. e4 Bb7 22. Rf7 Bc8 23. Qf2 h6 24. exd5 exd5 25. Qd4 Qe6 26. Bh3 Qxh3 27. e6 Nf6 28. Rxg7+ Kh8 29. Rxf6 Kxg7 30. Rf7+ Kg6 31. Rg7+ 1-0